Kurtoje slovo za školny olimpiady u sistemi rusyns'koho nedilnoho oškolovannja

Bibliographic Details
Main Author: Paďak, Valerij, 1959- (Author)
Format: Article
Language:Ukrainian
Subjects:

MARC

LEADER 00000nab a2200000 a 4500
001 vtls008838899
003 SK-MaSNL
005 20260318115128.0
008 060815c2006 xo qr p 000 c0ukr
015 |a SNBRB2006/08 
038 |a SVKPOCL 
040 |a SVKPOCL  |b slo  |c AACR2  |e AACR2 
041 0 |a ukr 
044 |a xo  |c SK 
080 |a 37(477)(=161)  |2 2001 
100 1 |a Paďak, Valerij,  |d 1959-  |4 aut  |9 213054 
245 1 0 |a Kurtoje slovo za školny olimpiady u sistemi rusyns'koho nedilnoho oškolovannja  |c Valerij Padjak 
650 0 7 |a nedeľné školy, rusínske  |z Ukrajina  |2 svkpocl  |9 1622464 
650 0 7 |a Rusíni  |2 svkpocl  |9 4087 
651 7 |a Ukrajina  |2 svkpocl  |9 168045 
773 0 |t Rusyn  |g Roč. [16], č. 1-2 (2006), s. 15 
852 |a SVKPO  |b KIS3GCP 
856 4 1 |a http://rusyn.presov.sk 
958 |a RN 
958 |a UA 
999 |c 3344580  |d 3346510